[Event "Bayamon Rio Hondo op 6th"]
[Site "Bayamon"]
[Date "2021.07.27"]
[Round "7"]
[White "Jimenez Garcia, Emanuel"]
[Black "Santana Otero, Orlando"]
[Result "1/2-1/2"]
[WhiteElo "2397"]
[BlackElo "2070"]
[PlyCount "83"]
[EventDate "2021.07.24"]
[EventType "swiss"]
[EventRounds "7"]
[EventCountry "PUR"]
[SourceTitle "EXT 2022"]
[Source "ChessBase"]
[SourceDate "2021.10.06"]
[SourceVersion "1"]
[SourceVersionDate "2021.10.06"]
[SourceQuality "1"]

1. b3 Nf6 2. Bb2 g6 3. Bxf6 exf6 4. c4 Bg7 5. Nc3 f5 6. g3 d6 7. Bg2 c6 8. e3 0-0 9. Nge2 Na6 10. 0-0 Be6 11. d4 Nc7 12. Qd3 d5 13. c5 Qe7 14. Rfc1 Bd7 15. a4 Rfe8 16. b4 a6 17. b5 axb5 18. axb5 Ne6 19. Qb1 g5 20. Rxa8 Rxa8 21. bxc6 bxc6 22. Qb7 Re8 23. Na4 Nd8 24. Qa7 f4 25. gxf4 gxf4 26. Nxf4 Ne6 27. Nxe6 Bxe6 28. Qxe7 Rxe7 29. Rb1 Ra7 30. Rb8+ Bf8 31. Rb4 Be7 32. e4 Kg7 33. exd5 cxd5 34. Bf3 Bd7 35. Bd1 Bh3 36. Bb3 Bh4 37. Bxd5 Re7 38. Rb1 Re2 39. Nc3 Bxf2+ 40. Kh1 Rc2 41. Nb5 Rd2 42. c6 1/2-1/2

[Event "PUR-ch"]
[Site "Guaynabo"]
[Date "2020.12.13"]
[Round "9"]
[White "Almedina Ortiz, Edgardo J"]
[Black "Santana Otero, Orlando"]
[Result "1/2-1/2"]
[WhiteElo "2203"]
[BlackElo "2082"]
[PlyCount "127"]
[EventDate "2020.12.04"]
[EventType "tourn"]
[EventRounds "9"]
[EventCountry "PUR"]
[SourceTitle "EXT 2022"]
[Source "ChessBase"]
[SourceDate "2021.10.06"]
[SourceVersion "1"]
[SourceVersionDate "2021.10.06"]
[SourceQuality "1"]

1. Nf3 Nf6 2. b3 g6 3. Bb2 Bg7 4. c4 0-0 5. e3 c5 6. Be2 Nc6 7. 0-0 d5 8. cxd5 Nxd5 9. Bxg7 Kxg7 10. Qc1 Qd6 11. Nc3 b6 12. Rd1 Bb7 13. d4 cxd4 14. Nb5 Qf6 15. Nbxd4 Rac8 16. Qd2 Nxd4 17. Nxd4 Nc3 18. Rdc1 Nxe2+ 19. Nxe2 Rfd8 20. Qe1 Qg5 21. Ng3 h5 22. h4 Qxh4 23. Rxc8 Rxc8 24. Rc1 Rxc1 25. Qxc1 Qf6 26. Qc7 Qc6 27. Qe5+ Kh7 28. f3 Qd6 29. Qg5 f6 30. Qh4 Qc5 31. Qf4 Qd6 32. Qh4 Qe5 33. Nf1 Ba6 34. Qa4 Qb5 35. Qxb5 Bxb5 36. Nd2 Bd3 37. f4 Kg7 38. Nf3 Bb5 39. Kf2 Kf7 40. e4 Bd7 41. Ke3 Ke6 42. Kd4 Bc6 43. g3 Kd6 44. b4 Bd7 45. Nh4 e5+ 46. fxe5+ fxe5+ 47. Ke3 Be8 48. Nf3 Bf7 49. a3 Ke6 50. Ng5+ Kf6 51. Nh7+ Ke7 52. Ng5 Bg8 53. Nh3 Kf6 54. Ng1 Bc4 55. Nf3 Be6 56. Nd2 g5 57. Nb1 h4 58. Kf2 Ke7 59. Nc3 Bd7 60. Kf3 g4+ 61. Kf2 h3 62. Kg1 Kd6 63. Kh2 a6 64. Kg1 1/2-1/2

[Event "PUR-ch"]
[Site "Guaynabo"]
[Date "2020.12.06"]
[Round "5"]
[White "Santana Otero, Orlando"]
[Black "Diaz Montes, Edwin"]
[Result "0-1"]
[WhiteElo "2082"]
[BlackElo "2046"]
[PlyCount "162"]
[EventDate "2020.12.04"]
[EventType "tourn"]
[EventRounds "9"]
[EventCountry "PUR"]
[SourceTitle "EXT 2022"]
[Source "ChessBase"]
[SourceDate "2021.10.06"]
[SourceVersion "1"]
[SourceVersionDate "2021.10.06"]
[SourceQuality "1"]

1. d4 Nf6 2. Nc3 d5 3. Bf4 Bf5 4. e3 e6 5. a3 Be7 6. Nf3 0-0 7. Bd3 Bg6 8. Ne5 c5 9. Nxg6 hxg6 10. dxc5 Bxc5 11. 0-0 Nc6 12. h3 Rc8 13. Re1 a6 14. Bg5 Be7 15. Ne2 Qb6 16. Rb1 Rfd8 17. c3 Ne5 18. Bc2 Nc4 19. Qd4 Qd6 20. Qh4 Rc6 21. Bd3 Ne5 22. Red1 Nxd3 23. Rxd3 Rc4 24. Qg3 Qb6 25. Bxf6 Bxf6 26. Rdd1 Qa5 27. Qf3 b5 28. Nd4 Qb6 29. Rd2 a5 30. Nc2 Be7 31. Rd4 Bc5 32. Rf4 e5 33. Rxc4 bxc4 34. Qd1 Qb7 35. Ne1 Qc6 36. Nf3 f6 37. Qc2 Kf7 38. b4 cxb3 39. Qxb3 Be7 40. e4 Kf8 41. exd5 Qxd5 42. c4 Qc5 43. Nh4 Kf7 44. Nf3 Qxa3 45. Qxa3 Bxa3 46. Rb7+ Be7 47. Ra7 Rd1+ 48. Kh2 Rc1 49. Rxa5 Rxc4 50. Ra2 e4 51. Nd2 Rd4 52. g3 f5 53. Kg2 Rd3 54. Nf1 Bc5 55. Rc2 Bd4 56. Rd2 Rxd2 57. Nxd2 Kf6 58. Kf1 Ke5 59. Ke2 g5 60. f3 g6 61. Nc4+ Kd5 62. Nd2 Bf6 63. Ke3 Bd4+ 64. Ke2 Bc3 65. Nf1 f4 66. gxf4 gxf4 67. Nh2 e3 68. Ng4 Bg7 69. h4 Bd4 70. Kd3 Bb6 71. Ke2 Kd4 72. Nf6 Bd8 73. Ne8 Bxh4 74. Nc7 Ke5 75. Nb5 Bf6 76. Nc3 g5 77. Nd1 Kf5 78. Kd3 Be5 79. Ke2 g4 80. fxg4+ Kxg4 81. Kf1 Kf3 0-1

[Event "Olympiad-41"]
[Site "Tromsoe"]
[Date "2014.08.09"]
[Round "7.4"]
[White "Santana Otero, Orlando"]
[Black "Ghadimi, Mohammed Reza"]
[Result "1-0"]
[WhiteElo "2125"]
[BlackElo "2172"]
[PlyCount "53"]
[EventDate "2014.08.02"]
[EventType "team-swiss"]
[EventRounds "11"]
[EventCountry "NOR"]
[SourceTitle "CBM 162"]
[Source "ChessBase"]
[SourceDate "2014.09.17"]
[SourceVersion "1"]
[SourceVersionDate "2014.09.17"]
[SourceQuality "1"]
[WhiteTeam "Puerto Rico"]
[BlackTeam "ICCD"]
[WhiteTeamCountry "PUR"]

1. e4 c5 2. Nf3 e6 3. d3 d5 4. Nbd2 Nf6 5. g3 b6 6. Bg2 Bb7 7. 0-0 Qc7 8. Re1 Be7 9. h4 Nc6 10. c3 h6 11. Nf1 0-0-0 12. Bf4 e5 13. exd5 exf4 14. dxc6 Ba6 15. Ne5 Bd6 16. Qa4 Bxd3 17. Nxd3 fxg3 18. Qa6+ Kb8 19. Nxg3 Bxg3 20. fxg3 Nh5 21. Ne5 Nf6 22. Red1 g5 23. Rd7 Nxd7 24. cxd7 Rxd7 25. Nc6+ Ka8 26. Nxa7+ Kb8 27. Nc6+ 1-0

[Event "Olympiad-41"]
[Site "Tromsoe"]
[Date "2014.08.08"]
[Round "6.3"]
[White "Santana Otero, Orlando"]
[Black "Glud, Jakob Vang"]
[Result "0-1"]
[WhiteElo "2125"]
[BlackElo "2533"]
[PlyCount "86"]
[EventDate "2014.08.02"]
[EventType "team-swiss"]
[EventRounds "11"]
[EventCountry "NOR"]
[SourceTitle "CBM 162"]
[Source "ChessBase"]
[SourceDate "2014.09.17"]
[SourceVersion "1"]
[SourceVersionDate "2014.09.17"]
[SourceQuality "1"]
[WhiteTeam "Puerto Rico"]
[BlackTeam "Denmark"]
[WhiteTeamCountry "PUR"]
[BlackTeamCountry "DEN"]

1. e4 e5 2. Nf3 Nc6 3. d3 Nf6 4. Nbd2 Bc5 5. c3 d6 6. Be2 a6 7. 0-0 Ba7 8. a4 0-0 9. Nc4 h6 10. Be3 Be6 11. Bxa7 Rxa7 12. Ne3 d5 13. Nd2 Ra8 14. Qc2 Qe7 15. Bf3 d4 16. Nd5 Qd8 17. c4 a5 18. Qb3 Ra7 19. Qa3 Nd7 20. Be2 Re8 21. Rac1 b6 22. Qb3 Nc5 23. Qd1 Bxd5 24. cxd5 Nb4 25. Nc4 Qd7 26. b3 Na2 27. Bg4 Qd8 28. Rc2 Nc3 29. Rxc3 dxc3 30. Qc2 c6 31. Ne3 cxd5 32. Nxd5 Qg5 33. Bf5 Rd8 34. f4 exf4 35. Nxf4 Nxd3 36. Nxd3 Qe3+ 37. Nf2 Rd2 38. Qc1 Rc7 39. Qe1 Qd4 40. Qc1 Re7 41. g3 g6 42. Bg4 Rxe4 43. Bd1 Re1 0-1

[Event "PUR-ch"]
[Site "San Juan"]
[Date "1999.??.??"]
[Round "?"]
[White "Santana Otero, Orlando"]
[Black "Serrano, Felipe"]
[Result "1-0"]
[WhiteElo "2220"]
[BlackElo "2045"]
[PlyCount "45"]
[EventDate "1999.??.??"]
[EventType "tourn"]
[EventRounds "11"]
[EventCountry "PUR"]
[SourceTitle "EXT 2000"]
[Source "ChessBase"]
[SourceDate "1999.11.16"]
[SourceVersion "1"]
[SourceVersionDate "1999.11.16"]
[SourceQuality "1"]

1. e4 c5 2. Nf3 d6 3. c3 d5 4. exd5 Qxd5 5. d4 Nc6 6. Na3 e6 7. Nb5 Bd6 8. Be3 Bb8 9. dxc5 Nge7 10. Qa4 0-0 11. Rd1 Qh5 12. g4 Qg6 13. Bd3 f5 14. Rg1 Qe8 15. gxf5 Nxf5 16. Qe4 Qh5 17. Rg5 Qh3 18. Nh4 Qxh4 19. Rxf5 Qxe4 20. Rxf8+ Kxf8 21. Bxe4 Bxh2 22. Bxc6 bxc6 23. Rd8+ 1-0

[Event "Olympiad-30"]
[Site "Manila"]
[Date "1992.06.22"]
[Round "13.2"]
[White "Owosina, Tolani A"]
[Black "Santana Otero, Orlando"]
[Result "1/2-1/2"]
[WhiteElo "2205"]
[BlackElo "2260"]
[PlyCount "197"]
[EventDate "1992.06.08"]
[EventType "team-swiss"]
[EventRounds "14"]
[EventCountry "PHI"]
[SourceTitle "TD"]
[Source "ChessBase"]
[SourceDate "1994.03.01"]
[SourceVersion "1"]
[SourceVersionDate "1994.03.01"]
[SourceQuality "1"]
[WhiteTeam "Nigeria"]
[BlackTeam "Puerto Rico"]
[WhiteTeamCountry "NGR"]
[BlackTeamCountry "PUR"]

1. e4 c5 2. Nf3 d6 3. d4 cxd4 4. Nxd4 Nf6 5. Nc3 a6 6. Bc4 e6 7. Bb3 b5 8. a3 Be7 9. 0-0 0-0 10. f4 Qc7 11. f5 e5 12. Nde2 Bb7 13. Ng3 Nbd7 14. Bg5 Rac8 15. Nh5 Rfe8 16. Bxf6 Nxf6 17. Nxf6+ Bxf6 18. Qh5 Qe7 19. Rae1 Rc5 20. Rf3 Rec8 21. Rd3 a5 22. Red1 Rd8 23. Qe2 b4 24. axb4 axb4 25. Nd5 Bxd5 26. Rxd5 Qc7 27. Qa6 Rc6 28. Qa4 Rb6 29. Ra5 g6 30. fxg6 hxg6 31. Ra7 Rb7 32. Rxb7 Qxb7 33. Bd5 Qb6+ 34. Kh1 Kg7 35. Qb3 Rf8 36. Rf1 Qb8 37. Qf3 Qd8 38. Bb3 Bg5 39. Qd3 Qb6 40. Qd5 Qc7 41. Qb5 Qc5 42. Qd7 Bf6 43. Bd5 Qb6 44. Ra1 Bd8 45. Rf1 Qc7 46. Qa4 Qc5 47. Qb3 Bb6 48. Qf3 f5 49. Bb3 Qe3 50. Qd1 Bd4 51. Re1 Qg3 52. h3 Rh8 53. Re2 fxe4 54. Be6 e3 55. c3 bxc3 56. bxc3 Bc5 57. Qa4 Rf8 58. Qd1 Rf2 59. Bd5 Rxe2 60. Qxe2 Qf2 61. Bf3 Kf6 62. Kh2 Kg5 63. c4 e4 64. Bg4 Kf4 65. Qd1 Bb4 66. Be2 Qg3+ 67. Kg1 Qf2+ 68. Kh2 Bd2 69. Bf1 Ke5 70. Qa1+ Ke6 71. Qd1 Ke7 72. Qe2 Bc3 73. Qxf2 exf2 74. g3 Ke6 75. Kg2 Be1 76. Be2 Ke5 77. h4 Kd4 78. Kf1 Ke3 79. g4 Kf4 80. h5 g5 81. h6 Ke3 82. h7 Bc3 83. Bd1 Bd4 84. Bc2 Bh8 85. Bb1 Kf3 86. Bc2 Kxg4 87. Bxe4 Kf4 88. Bd5 Ke3 89. Be6 Bd4 90. Bg4 Kf4 91. Be6 Kg3 92. Bd5 g4 93. Bc6 Kf4 94. h8Q Bxh8 95. Kxf2 Bd4+ 96. Kg2 Bf6 97. Bd5 Bh4 98. Bg8 Ke5 99. Bd5 1/2-1/2

[Event "Olympiad-30"]
[Site "Manila"]
[Date "1992.06.08"]
[Round "1.2"]
[White "Hulak, Krunoslav"]
[Black "Santana Otero, Orlando"]
[Result "1-0"]
[WhiteElo "2515"]
[BlackElo "2260"]
[PlyCount "93"]
[EventDate "1992.06.08"]
[EventType "team-swiss"]
[EventRounds "14"]
[EventCountry "PHI"]
[SourceTitle "TD"]
[Source "ChessBase"]
[SourceDate "1994.03.01"]
[SourceVersion "1"]
[SourceVersionDate "1994.03.01"]
[SourceQuality "1"]
[WhiteTeam "Croatia"]
[BlackTeam "Puerto Rico"]
[WhiteTeamCountry "CRO"]
[BlackTeamCountry "PUR"]

1. d4 Nf6 2. c4 g6 3. g3 Bg7 4. Bg2 0-0 5. Nf3 d6 6. 0-0 Nc6 7. d5 Na5 8. Nfd2 c5 9. a3 Nd7 10. Ra2 b6 11. b4 Nb7 12. Nb3 a6 13. Qd3 Ne5 14. Qc2 Qc7 15. f4 Ng4 16. h3 Nf6 17. e4 Bd7 18. Be3 Rfc8 19. N1d2 Ba4 20. Rc1 Nd7 21. Qb1 a5 22. b5 Bxb3 23. Qxb3 a4 24. Qd1 Na5 25. Qxa4 Nc6 26. Qb3 Nd4 27. Qd3 Ra4 28. Bf3 Nxf3+ 29. Nxf3 Rca8 30. Re1 Qc8 31. Bc1 Nf6 32. Kh2 Ne8 33. e5 Qf5 34. Qb3 h5 35. Nh4 Qc8 36. Rae2 dxe5 37. fxe5 g5 38. Bxg5 Rxa3 39. Qc2 R8a7 40. Nf5 Bf8 41. e6 fxe6 42. dxe6 Qa8 43. Nh6+ Kg7 44. Rf1 Nf6 45. Nf5+ Kh8 46. Nxe7 Bxe7 47. Rxf6 1-0

[Event "Pinar del Rio zt"]
[Site "Pinar del Rio"]
[Date "1990.??.??"]
[Round "4"]
[White "Borges Matos, Juan R"]
[Black "Santana Otero, Orlando"]
[Result "1-0"]
[WhiteElo "2500"]
[BlackElo "2270"]
[PlyCount "31"]
[EventDate "1990.??.??"]
[EventType "tourn"]
[EventRounds "9"]
[EventCountry "CUB"]
[EventCategory "3"]
[SourceTitle "EXT 1997"]
[Source "ChessBase"]
[SourceDate "1996.11.15"]
[SourceVersion "1"]
[SourceVersionDate "1996.11.15"]
[SourceQuality "1"]

1. Nf3 Nf6 2. c4 g6 3. Nc3 Bg7 4. g3 0-0 5. Bg2 d6 6. d4 Nbd7 7. 0-0 c6 8. b3 e5 9. Ba3 exd4 10. Nxd4 Ne5 11. Qd2 Re8 12. Rad1 Bf8 13. h3 Qb6 14. Kh2 Be6 15. f4 Rad8 16. Nxe6 1-0

[Event "Pinar del Rio zt"]
[Site "Pinar del Rio"]
[Date "1990.??.??"]
[Round "2"]
[White "Hernandez Guerrero, Gilberto Eduardo"]
[Black "Santana Otero, Orlando"]
[Result "1-0"]
[WhiteElo "2395"]
[BlackElo "2270"]
[PlyCount "121"]
[EventDate "1990.??.??"]
[EventType "tourn"]
[EventRounds "9"]
[EventCountry "CUB"]
[EventCategory "3"]
[SourceTitle "EXT 1997"]
[Source "ChessBase"]
[SourceDate "1996.11.15"]
[SourceVersion "1"]
[SourceVersionDate "1996.11.15"]
[SourceQuality "1"]

1. Nf3 Nf6 2. c4 g6 3. g3 Bg7 4. Bg2 0-0 5. 0-0 d6 6. d4 Nbd7 7. Nc3 c6 8. e4 e5 9. h3 exd4 10. Nxd4 Re8 11. Be3 Nc5 12. Qc2 a5 13. Rad1 Qe7 14. Rfe1 h6 15. f3 a4 16. Bf2 a3 17. b3 Qc7 18. Qd2 Ne6 19. Nde2 Rd8 20. g4 Qa5 21. Na4 b5 22. Nb6 Qxd2 23. Rxd2 Rb8 24. cxb5 cxb5 25. Red1 Ne8 26. b4 Bb7 27. Be3 g5 28. Bf1 Be5 29. Rd3 Bb2 30. Nd5 Bxd5 31. Rxd5 Rdc8 32. Ng3 Rc3 33. Kf2 Rc2+ 34. R1d2 Rc1 35. Rd1 Rc2+ 36. R5d2 Rxd2+ 37. Bxd2 Nd4 38. Nf5 Nxf5 39. gxf5 Nc7 40. Bd3 d5 41. Rb1 Rd8 42. Ke2 dxe4 43. fxe4 f6 44. Bc1 Bxc1 45. Rxc1 Na6 46. Bxb5 Nxb4 47. Rc7 Rb8 48. Bc4+ Kh8 49. Ke3 Rb6 50. Kd4 Nc2+ 51. Kc5 Rb2 52. Rc8+ Kh7 53. Rc7+ Kh8 54. Rf7 Nb4 55. Rxf6 Nxa2 56. Rxh6+ Kg7 57. Rg6+ Kh7 58. Ra6 Nc3 59. Kd4 Nb1 60. e5 Rd2+ 61. Kc5 1-0

[Event "Olympiad-28"]
[Site "Thessaloniki"]
[Date "1988.11.26"]
[Round "12"]
[White "Santana Otero, Orlando"]
[Black "Saavedra, Carlos"]
[Result "1/2-1/2"]
[WhiteElo "2230"]
[BlackElo "2205"]
[PlyCount "44"]
[EventDate "1988.11.13"]
[EventType "team-swiss"]
[EventRounds "14"]
[EventCountry "GRE"]
[SourceTitle "TD"]
[Source "ChessBase"]
[SourceDate "1994.03.01"]
[SourceVersion "1"]
[SourceVersionDate "1994.03.01"]
[SourceQuality "1"]
[WhiteTeam "Puerto Rico"]
[BlackTeam "Bolivia"]
[WhiteTeamCountry "PUR"]
[BlackTeamCountry "BOL"]

1. e4 c5 2. Nf3 d6 3. d4 cxd4 4. Nxd4 Nf6 5. Nc3 Nc6 6. Be2 e6 7. Be3 a6 8. Qd2 Be7 9. 0-0-0 Qc7 10. g4 0-0 11. g5 Nd7 12. f4 Re8 13. h4 Bf8 14. h5 Nxd4 15. Bxd4 b5 16. Bd3 Bb7 17. Rh3 b4 18. Ne2 Nc5 19. Ng3 e5 20. Bxc5 Qxc5 21. f5 d5 22. g6 Rad8 1/2-1/2

[Event "New York International-A"]
[Site "New York"]
[Date "1988.??.??"]
[Round "?"]
[White "Santa Torres, Juan"]
[Black "Santana Otero, Orlando"]
[Result "1/2-1/2"]
[WhiteElo "2220"]
[BlackElo "2230"]
[PlyCount "99"]
[EventDate "1988.03.21"]
[EventType "swiss"]
[EventRounds "11"]
[EventCountry "USA"]
[SourceTitle "CBM 008"]
[Source "ChessBase"]
[SourceDate "1989.02.01"]
[SourceVersion "1"]
[SourceVersionDate "1989.02.01"]
[SourceQuality "1"]

1. e4 c5 2. Nf3 d6 3. d4 cxd4 4. Qxd4 Nc6 5. Bb5 Bd7 6. Bxc6 Bxc6 7. c4 Nf6 8. Nc3 e6 9. 0-0 Be7 10. b3 0-0 11. Bb2 Qa5 12. a4 Qh5 13. Rfe1 Qg6 14. Rad1 a6 15. Ba3 Rfd8 16. Qe3 Rac8 17. h3 Bf8 18. Nd4 Bxe4 19. Nxe4 Nxe4 20. Qxe4 Qxe4 21. Rxe4 d5 22. cxd5 Bxa3 23. dxe6 fxe6 24. Rde1 e5 25. Nf3 Rd3 26. R4e3 Rxe3 27. Rxe3 Rc1+ 28. Re1 e4 29. Rxc1 Bxc1 30. Ne5 b5 31. axb5 axb5 32. Kf1 Bb2 33. Nc6 Kf7 34. Na7 b4 35. Nc6 Bc3 36. Ke2 Ke6 37. Na5 Kd5 38. Nc4 Bd4 39. Nd2 Bc5 40. f3 exf3+ 41. Nxf3 Ke4 42. Ng5+ Kf5 43. Nf3 Kf4 44. Ne1 Ke4 45. Nc2 Kf4 46. Ke1 Kg3 47. Kf1 h6 48. Ne1 Bd4 49. Nc2 Bc5 50. Ne1 1/2-1/2

[Event "New York International-A"]
[Site "New York"]
[Date "1988.??.??"]
[Round "?"]
[White "Santana Otero, Orlando"]
[Black "Gulko, Boris F"]
[Result "0-1"]
[WhiteElo "2230"]
[BlackElo "2595"]
[PlyCount "59"]
[EventDate "1988.03.21"]
[EventType "swiss"]
[EventRounds "11"]
[EventCountry "USA"]
[SourceTitle "CBM 008"]
[Source "ChessBase"]
[SourceDate "1989.02.01"]
[SourceVersion "1"]
[SourceVersionDate "1989.02.01"]
[SourceQuality "1"]

1. e4 e6 2. d4 d5 3. e5 c5 4. c3 Nc6 5. Nf3 Bd7 6. a3 c4 7. Be2 Qb6 8. 0-0 f6 9. exf6 gxf6 10. Re1 Bd6 11. Nbd2 Nge7 12. Nf1 0-0-0 13. Ng3 h5 14. Bf1 h4 15. Ne2 e5 16. dxe5 fxe5 17. Be3 Qc7 18. Kh1 Bg4 19. Ng5 Rdf8 20. h3 Bd7 21. Qd2 Rhg8 22. Rad1 Na5 23. Nc1 Rf6 24. Qe2 e4 25. Qh5 Bf4 26. Bxf4 Rxf4 27. Nf3 Bxh3 28. gxh3 Rxf3 29. Qxh4 Nf5 30. Qf6 0-1

[Event "New York International-A"]
[Site "New York"]
[Date "1988.??.??"]
[Round "?"]
[White "Santana Otero, Orlando"]
[Black "Santa Torres, Luis A"]
[Result "1-0"]
[WhiteElo "2230"]
[BlackElo "2215"]
[PlyCount "53"]
[EventDate "1988.03.21"]
[EventType "swiss"]
[EventRounds "11"]
[EventCountry "USA"]
[SourceTitle "CBM 008"]
[Source "ChessBase"]
[SourceDate "1989.02.01"]
[SourceVersion "1"]
[SourceVersionDate "1989.02.01"]
[SourceQuality "1"]

1. e4 c6 2. d4 d5 3. exd5 cxd5 4. Bd3 Nc6 5. c3 g6 6. Bf4 Bg7 7. Nf3 Nf6 8. h3 Nh5 9. Bh2 0-0 10. 0-0 a6 11. Ne5 Bd7 12. Nd2 Na5 13. Qe2 Rc8 14. Rae1 Re8 15. f4 e6 16. g4 Nf6 17. Ndf3 b5 18. Ng5 Re7 19. f5 exf5 20. gxf5 Be8 21. fxg6 fxg6 22. Qf2 Nb7 23. Qh4 Nd6 24. Ng4 Rxe1 25. Nxf6+ Qxf6 26. Qxh7+ Kf8 27. Bxd6+ 1-0

[Event "WchT U26 05th Group1"]
[Site "Mendoza"]
[Date "1985.08.??"]
[Round "6"]
[White "Belkhodja, Slim"]
[Black "Santana Otero, Orlando"]
[Result "1/2-1/2"]
[WhiteElo "2385"]
[BlackElo "2230"]
[PlyCount "86"]
[EventDate "1985.08.11"]
[EventType "team-tourn"]
[EventRounds "9"]
[EventCountry "ARG"]
[SourceTitle "EXT 2020"]
[Source "ChessBase"]
[SourceDate "2019.10.17"]
[SourceVersion "1"]
[SourceVersionDate "2019.10.17"]
[SourceQuality "1"]
[WhiteTeam "France"]
[BlackTeam "Puerto Rico"]
[WhiteTeamCountry "FRA"]
[BlackTeamCountry "PUR"]

1. e4 c5 2. Nf3 d6 3. d4 cxd4 4. Nxd4 Nf6 5. Nc3 a6 6. Be3 e6 7. a4 Nbd7 8. g3 Qc7 9. Bg2 Be7 10. 0-0 0-0 11. h3 Rb8 12. f4 Re8 13. g4 Nb6 14. g5 Nfd7 15. Kh1 Nc4 16. Bc1 Bf8 17. Qf3 b6 18. b3 Na5 19. Bb2 Bb7 20. Qg3 Nc6 21. Nxc6 Bxc6 22. f5 exf5 23. Rxf5 Ne5 24. Raf1 g6 25. R5f4 Bg7 26. Qf2 Re7 27. Qd2 Rc8 28. Ba1 Bb7 29. R4f2 Qd8 30. Nd5 Bxd5 31. Qxd5 Rc5 32. Qd2 Rd7 33. Bd4 Rc6 34. c4 Rb7 35. Be3 Re7 36. Qd5 Qc7 37. Rd1 Rd7 38. Rfd2 Qd8 39. Bd4 Rc8 40. Be3 Nc6 41. Rf2 Be5 42. Rdf1 Qc7 43. Bf3 Rf8 1/2-1/2

[Event "WchT U26 05th Group1"]
[Site "Mendoza"]
[Date "1985.08.??"]
[Round "8"]
[White "Santana Otero, Orlando"]
[Black "Souza, Ivan Boere"]
[Result "1-0"]
[WhiteElo "2230"]
[BlackElo "2300"]
[PlyCount "59"]
[EventDate "1985.08.11"]
[EventType "team-tourn"]
[EventRounds "9"]
[EventCountry "ARG"]
[SourceTitle "EXT 2020"]
[Source "ChessBase"]
[SourceDate "2019.10.17"]
[SourceVersion "1"]
[SourceVersionDate "2019.10.17"]
[SourceQuality "1"]
[WhiteTeam "Puerto Rico"]
[BlackTeam "Brazil"]
[WhiteTeamCountry "PUR"]
[BlackTeamCountry "BRA"]

1. e4 c5 2. Nf3 e6 3. d4 cxd4 4. Nxd4 Nf6 5. Nc3 d6 6. Bg5 a6 7. f4 Be7 8. Qf3 Nbd7 9. 0-0-0 Qc7 10. Bd3 h6 11. Bh4 b5 12. Rhe1 Bb7 13. Qg3 g5 14. fxg5 Nh5 15. Qe3 Ne5 16. Kb1 0-0-0 17. Be2 hxg5 18. Bxg5 Bxg5 19. Qxg5 b4 20. Na4 Rdg8 21. Qd2 Qa5 22. Nb3 Qxa4 23. Qxd6 Qc6 24. Qxe5 f6 25. Qc5 Qxc5 26. Nxc5 Rxg2 27. Rd7 Rg5 28. Rxb7 Rxc5 29. Bxa6 Ra5 30. Rh7+ 1-0